01166nab a22002177a 4500003000400000005001700004008004100021040000700062100002300069245015600092260007200248300001300320500005000333505024700383505008900630650002000719650002400739650003000763700002300793773013200816OSt20260116165826.0190605e xxu||||| |||| 00| 0 spa d cPJ aSfeir, Santiago L.13aLas consecuencias del art. 97 de la ley 27.742. Algunas consideraciones en voz alta en torno a su aplicación /cSantiago L. Sfeir, Facundo M. Alvez.  aCiudad Autónoma de Buenos Aires :bThomson Reuters La Ley,c2025. ap. 64-69 aCita Online: Cita: TR LALEY AR/DOC/863/2025. aSumario: I. Introducción.— II. Las modificaciones introducidas por el art. 97 de la Ley Bases y sus consecuencias.— III. La redundancia y los efectos de la figura de los colaboradores independientes.— IV. Algunas reflexiones finales.  t¿Te interesa el texto completo? Solicitalo al correo: koha@justierradelfuego.gov.ar 0aDERECHO LABORAL 0aCONTRATO DE TRABAJO 0aRELACIÓN DE DEPENDENCIA aAlvez, Facundo M. 0 02711dCiudad Autónoma de Buenos Aires : Thomson Reuters La Ley, 1999-2002.tRevista de derecho del trabajo. Nº 3 - Mayo 2025